Statistics for Top 50 Least Happy Countries in the World

Click here to take the quiz!

General Stats

  • This quiz has been taken 88 times
  • The average score is 28 of 50

Answer Stats

ScoreAnswer% Correct
2.523Afghanistan
94%
4.854Iraq
83%
4.721Iran
76%
3.658Yemen
74%
4.759Nigeria
72%
4.794Mozambique
71%
3.819India
69%
4.934Pakistan
69%
4.275Ethiopia
67%
4.723Mali
67%
4.283Egypt
65%
4.887Algeria
64%
4.355Chad
64%
4.607Kenya
64%
4.574Namibia
63%
5.025Bangladesh
61%
3.415Rwanda
61%
3.512Lesotho
60%
3.623Tanzania
60%
4.636Uganda
60%
4.918Morocco
58%
4.956South Africa
58%
4.308Eswatini
57%
4.107Togo
57%
5.045Benin
56%
3.775Burundi
56%
3.467Botswana
54%
4.984Guinea
54%
4.227Mauritania
54%
3.145Zimbabwe
54%
4.625Liberia
53%
4.875Ukraine
53%
5.030Laos
51%
4.596Tunisia
51%
4.852Gabon
50%
3.600Malawi
50%
4.426Myanmar
50%
4.584Lebanon
47%
3.849Sierra Leone
47%
4.073Zambia
47%
4.830Cambodia
46%
4.834Burkina Faso
44%
4.208Madagascar
43%
4.395Jordan
42%
4.948Turkey
42%
4.892Venezuela
42%
3.615Haiti
40%
4.289Comoros
36%
4.325Sri Lanka
36%
4.891Georgia
32%

Score Distribution

Percentile by Number Answered

Percent of People with Each Score

Your Score History

You have not taken this quiz